| 000 | 00535nam a2200181Ia 4500 | ||
|---|---|---|---|
| 008 | 151213s9999 xx 000 0 und d | ||
| 020 | _a0-07-286598-9 | ||
| 082 |
_a658.5'6 _b658.5'6 |
||
| 100 | _adonald R.Lehnsann, Russell S.winer | ||
| 245 |
_aProduct Management _cdonald R.Lehnsann, Russell S.winer |
||
| 250 | _a4th | ||
| 260 |
_aNew Delhi _bTata McGrawHill Education Private Ltd. _c2005 |
||
| 300 | _a10905 p. | ||
| 650 | _aManagement | ||
| 650 | _aManagement | ||
| 700 | _adonald R.Lehnsann, Russell S.winer | ||
| 999 |
_c4920 _d4920 |
||